000 00614nam a22002177a 4500
005 20170124110100.0
010 _aB-213315
020 _c350.00
_a9788122007244
035 _aB-213315
037 _bCen Lib/Ret
040 _aDPL
_bEN
082 _aN
_bRAD
100 _aRadhakrishnan, V
_926987
245 _aThe cave of freedom :
_cby V. Radhakrishnan
_ba novel /
260 _aDelhi
_bKonark Publishers
_c2007
270 _aA-149, Main Vikas Marg
_bDelhi
_e110092
300 _a234p.
_c22cm(Hb)
650 _aIndic fiction (English)
_96137
650 _aEnglish fiction
_926988
942 _2ddc
_cEN
_hN
_mRAD
999 _c129638
_d129638